LEADER 01339nam--2200385---450- 001 990003050580203316 005 20080117145946.0 035 $a000305058 035 $aUSA01000305058 035 $a(ALEPH)000305058USA01 035 $a000305058 100 $a20080117d1997----km-y0itay50------ba 101 $afre 102 $aBE 105 $a||||||||001yy 200 1 $a<>histoire des guerres mithridatiques vue par les monnaies$fpar Francois de Callatay 210 $aLouvain$cDepartement d'archeologie et d'histoire de l'art$d1997 215 $aXII, 48O p., [54] p. di tav.$cill.$d28 cm 225 2 $aPublications d'histoire de l'art et d'archéologie de l'Université Catholique de Louvain$v98 225 2 $aNumismatica Lovaniensia$v18 410 0$12001$aPublications d'histoire de l'art et d'archéologie de l'Université Catholique de Louvain 410 0$aNumismatica Lovaniensia$v18 454 1$12001 461 1$1001-------$12001 606 0 $aNumismatica greca 676 $a727 700 1$aCALLATAY,$bFrancois : De$0423809 801 0$aIT$bsalbc$gISBD 912 $a990003050580203316 951 $aI NG CAL 1$b3755 DBC$cI NG 959 $aBK 969 $aDBC 979 $aDBC$b90$c20080117$lUSA01$h1459 996 $aHistoire des guerres mithridatiques vue par les monnaies$91021673 997 $aUNISA LEADER 03176nas 2200901-a 450 001 996216814703316 005 20230331213017.0 035 $a(OCoLC)300495973 035 $a(CKB)954927625197 035 $a(CONSER)--2011250817 035 $a(EXLCZ)99954927625197 100 $a20090130b19771995 --- - 101 0 $aeng 135 $aurunu---uuaua 181 $ctxt$2rdacontent 182 $cc$2rdamedia 183 $acr$2rdacarrier 200 10$aProceedings /$fthe ... Annual Symposium on Computer Application in Medical Care 210 $aNew York, N.Y. $cInstitute of Electrical and Electronics Engineers$d©1977-©1995 210 2 $aNew York $cMcGraw-Hill 210 3 $aPhiladelphia $cHanley & Belfus 300 $aSome issues have also a distinctive title. 311 $a0195-4210 517 1 $aProceedings. Computer application in medical care 517 1 $aIEEE computer applications in medical care 517 1 $aSCAMC proceedings 531 $aPROC ANNU SYMP COMPUT APPL MED CARE 531 $aPROCEEDINGS THE ANNUAL SYMPOSIUM ON COMPUTER APPLICATIONS IN MEDICAL CARE 606 $aMedicine$xData processing$vCongresses 606 $aMedicine$vCongresses 606 $aComputers$vCongresses 606 $aMedical Informatics Applications$vCongresses 606 $aComputer Communication Networks 606 $aComputers 606 $aMedical Informatics 606 $aMedical Informatics Applications 606 $aMedical Informatics Computing 606 $aSocieties, Medical 606 $aComputer Communication Networks$vPeriodicals 606 $aComputers$vPeriodicals 606 $aMedical Informatics$vPeriodicals 606 $aMedical Informatics Applications$vPeriodicals 606 $aMedical Informatics Computing$vPeriodicals 606 $aSocieties, Medical$vPeriodicals 606 $aMedicine$xData processing$2fast$3(OCoLC)fst01014924 606 $aComputers$2gtt 606 $aGeneeskunde$2gtt 608 $aPeriodical. 608 $aConference papers and proceedings.$2fast 608 $aPeriodicals.$2fast 608 $aConference papers and proceedings.$2lcgft 615 0$aMedicine$xData processing 615 2$aMedicine 615 2$aComputers 615 2$aMedical Informatics Applications 615 2$aComputer Communication Networks. 615 2$aComputers. 615 2$aMedical Informatics. 615 2$aMedical Informatics Applications. 615 2$aMedical Informatics Computing. 615 2$aSocieties, Medical. 615 2$aComputer Communication Networks 615 2$aComputers 615 2$aMedical Informatics 615 2$aMedical Informatics Applications 615 2$aMedical Informatics Computing 615 2$aSocieties, Medical 615 7$aMedicine$xData processing. 615 17$aComputers. 615 17$aGeneeskunde. 676 $a362.1/028/54 712 02$aInstitute of Electrical and Electronics Engineers. 712 02$aIEEE Computer Society. 712 02$aAmerican Medical Informatics Association. 906 $aJOURNAL 912 $a996216814703316 996 $aProceedings$957126 997 $aUNISA